000 00756nam a2200253Ia 4500
003 OSt
005 20220927110949.0
006 a|||||r|||| 00| 0
007 ta
008 220926b |||||||| |||| 00| 0 eng d
024 _a95558
037 _cReports
040 _aRTL
_cRTL
_beng
041 _2eng
_aeng
082 _a"X9(F182)p1,N79, L9/UN"
110 _aConsultation Meeting on the Iron and Steel industry (2nd) (New Delhi (1979))
_9380989
245 0 _aReport
260 _c1979
300 _a28p.
_ccm.
650 _aIron and Steel Industry
700 _aConsultation Meeting on the Iron and Steel industry (2nd) (New Delhi (1979))
_9380990
942 _h"X9(F182)p1,N79, L9/UN"
_cCC
999 _c698415
_d698415